Movies by Plot Keywords Quiz Stats

 Plays Quiz Updated Nov 15, 2018

     
Support Sporcle.
Go Orange.
Score 0/20 Timer 09:00
1 Play Today
Plot Keywords Film % Correct
Question; Rupee; Covered in Faeces; SuspicionSlumdog Millionaire
64.7%
Princess; Robot; Hologram; RebellionStar Wars
63.5%
Prince; Pirate; Giant; True LoveThe Princess Bride
56.7%
Dog; Cyclone; Courage; Good vs EvilThe Wizard of Oz
52.8%
Fire; Raft; Tooth Extraction; VolleyballCast Away
51.9%
Mask; High School; Teenkill; PopcornScream
51.6%
Old Flame; Pianist; Bar; La MarseillaiseCasablanca
48.6%
Faun; Maze; Frog; Spanish Civil WarPan's Labyrinth
40%
Bully Comeuppance; Clock; Underwear; PlutoniumBack to the Future
39.6%
Jogging; Ice Skating; Working Class; UnderdogRocky
34.4%
Plot Keywords Film % Correct
Dentist; Short-term Memory Loss; Ocean; SharkFinding Nemo
34.3%
Slacker; Alcohol; Dope; RugThe Big Lebowski
28.6%
Hat; Ejector Seat; Laser; Naked Dead WomanGoldfinger
27.4%
Tied to Chair; Gore; Undercover; HeistReservoir Dogs
24%
Spy; Fugitive; Cornfield; AuctionNorth by Northwest
22.6%
Whispering; Hotel; Advertisement; Jet LagLost in Translation
15.8%
Inventor; Love; Sadness; SnowEdward Scissorhands
15.1%
Car; Confession; Confrontantion; CurmudgeonGran Torino
11%
Bandit; Farmer; Rice; SiegeThe Seven Samurai
5.9%
Catholic; Hitman; Wake; Driving LessonRoad to Perdition
5.2%

From the Vault

Movie Titles In 4's

by bugsnnuts

Movies 6m
You might say that these movies have four-shadowing.
Remove Ads.
Support Sporcle.
Get the best of Sporcle when you Go Orange. This ad-free experience offers more features, more stats, and more fun while also helping to support Sporcle. Thank you for becoming a member.

Show Comments

Extras

Top Quizzes Today


Score Distribution

Your Account Isn't Verified!

In order to create a playlist on Sporcle, you need to verify the email address you used during registration. Go to your Sporcle Settings to finish the process.

Report this User

Report this user for behavior that violates our Community Guidelines.

Details: